000 00524nmm a2200169Ia 4500
008 251105s9999||||xx |||||||||||||||||und||
020 _a9789587385557
041 _aspa
100 _aRocha Ochoa, Cesáreo
245 0 _aIntroducción a la teoría del derecho : manual de clase (4a ed.)
264 _a[Bogotá, Colombia] :
_bUniversidad del Rosario,
_c2015
300 _a377 páginas
490 _aLecciones de Jurisprudencia
650 _aLaw
856 _uhttps://public.digitaliapublishing.com/a/46510
942 _cCF
999 _c95811
_d95811